|
|
|
|
| LEADER |
00000nam a22000007a 4500 |
| 005 |
20220609164844.0 |
| 007 |
cr|||| |||| |
| 008 |
220609s2021 br |||||s|||| 00||0 por d |
| 020 |
|
|
|a 978-65-5515-353-8
|
| 035 |
|
|
|a 36212
|
| 040 |
|
|
|a vLex
|
| 090 |
|
|
|c 13400
|d 13400
|
| 100 |
1 |
|
|a Formenton Vargas, Isadora
|
| 245 |
1 |
0 |
|a Drones e direitos de personalidade
|h [Recurso electrn̤ico] /
|c Isadora Formenton Vargas
|
| 256 |
|
|
|a Servicio en ln̕ea
|
| 260 |
|
|
|a Indaiatuba:
|b Editora Foco,
|c 2021
|
| 300 |
|
|
|a 1 recurso electrn̤ico
|
| 506 |
1 |
|
|a Disponible solo en los productos indicados
|d vLex Global
|d vLex Global (Academic Edition, excluding Law Schools)
|d vLex Global (U.S. Academic Edition, Law Schools)
|d vLex Global (U.S. Academic Edition, excluding Law Schools)
|d vLex Global (Academic Edition, Law Schools)
|
| 650 |
0 |
4 |
|a Derecho de las Nuevas Tecnologa̕s
|z Brasil
|
| 740 |
0 |
|
|a vLex Libros (Servicio en ln̕ea)
|
| 856 |
4 |
0 |
|u https://app.vlex.com/#/sources/36212
|z Acceso restringido
|
| 942 |
|
|
|c BOOK
|
| 999 |
0 |
|
|a Law of New Technologies
|